Las neuralgias / (Registro nro. 30283)
[ vista simple ]
| 000 -LEADER | |
|---|---|
| campo de control de longitud fija | 00931nam a2200241 i 4500 |
| 001 - NÚMERO DE CONTROL | |
| campo de control | 30283 |
| 003 - IDENTIFICADOR DE NÚMERO DE CONTROL | |
| campo de control | ES-MaACL |
| 005 - FECHA Y HORA DE LA ÚLTIMA TRANSACCIÓN | |
| campo de control | 20230909063107.0 |
| 007 - CAMPO FIJO DE DESCRIPCIÓN FÍSICA--INFORMACIÓN GENERAL | |
| campo de control de longitud fija | t| |
| 008 - DATOS DE LONGITUD FIJA--INFORMACIÓN GENERAL | |
| campo de control de longitud fija | 030124s1946 sp ||||1| spa d |
| 100 1# - ENTRADA PRINCIPAL--NOMBRE DE PERSONA | |
| Nombre de persona | Barraquer Ferré, Luis, |
| Fechas asociadas al nombre | 1887-1959 |
| 9 (RLIN) | 25856 |
| 245 14 - MENCIÓN DEL TÍTULO | |
| Título | Las neuralgias / |
| Mención de responsabilidad, etc. | Luis Barraquer Ferré y Emilio Castañer Vendrell. |
| 250 ## - MENCION DE EDICION | |
| Mención de edición | 2ª ed. |
| 260 ## - PUBLICACIÓN, DISTRIBUCIÓN, ETC. | |
| Lugar de publicación, distribución, etc. | Barcelona, etc. : |
| Nombre del editor, distribuidor, etc. | Salvat, |
| Fecha de publicación, distribución, etc. | 1946 ( |
| Fabricante | Hispano-Americana) |
| 300 ## - DESCRIPCIÓN FÍSICA | |
| Extensión | 169 p. : |
| Otras características físicas | il. ; |
| Dimensiones | 23 cm. |
| 490 1# - MENCIÓN DE SERIE | |
| Mención de serie | Manuales de medicina práctica |
| 500 ## - NOTA GENERAL | |
| Nota general | Precede al tít.: Clínica de Neuropatología del Hospital de la Santa Cruz y San Pablo. Barcelona. |
| 700 1# - ENTRADA AGREGADA--NOMBRE PERSONAL | |
| Nombre de persona | Castañer Vendrell, Emilio. |
| 9 (RLIN) | 36420 |
| 710 2# - ENTRADA AGREGADA--NOMBRE DE ENTIDAD CORPORATIVA | |
| Nombre de entidad corporativa o nombre de jurisdicción como elemento de entrada | Clínica de Neuropatología del Hospital de la Santa Cruz y San Pablo (Barcelona) |
| 9 (RLIN) | 2851 |
| 830 0# - PUNTO DE ACCESO ADICIONAL DE SERIE-TÍTULO UNIFORME | |
| Título uniforme | Manuales de medicina práctica |
| 9 (RLIN) | 181070 |
| 852 ## - LOCALIZACIÓN | |
| Ubicación | ES-MaACL |
| Número de control de estantería | D-7637 |
| Sublocalización o colección | R.28977 |
| Estatus retirado | Estado de pérdida | Estado de daño | No para préstamo | Biblioteca de origen | Biblioteca actual | Ubicación en estantería | Fecha de adquisición | Fuente de adquisición | Total de préstamos | Signatura topográfica completa | Código de barras | Visto por última vez | Precio de reemplazo | Tipo de ítem Koha |
|---|---|---|---|---|---|---|---|---|---|---|---|---|---|---|
| Biblioteca del Ateneo de Madrid | Biblioteca del Ateneo de Madrid | Sala Valle Inclán | 17/01/2008 | D-7637 | 901031262 | 23/02/2023 | 23/02/2023 | Libro impreso |
